[Event "XXVII Open Internacional Ayuntamiento de Erandio"]
[Site "Erandio"]
[Date "2018.12.19"]
[Round "5"]
[Board "9"]
[White "Rubio Rodriguez, Luis"]
[Black "Berasategui Morillo, Alberto"]
[Result "1-0"]
[WhiteElo "1782"]
[BlackElo "1637"]
[PlyCount "71"]
[EventDate "2018.12.15"]
[EventRounds "8"]
[EventCountry "ESP"]

1. e4 e6 2. d4 d5 3. exd5 exd5 4. c4 Nf6 5. Nc3 Bb4 6. Bd3 O-O 7. Nge2 dxc4 8.
Bxc4 Bf5 9. O-O h6 10. Qb3 Bxc3 11. bxc3 b6 12. Ba3 Re8 13. Bxf7+ Kh8 14. Bxe8
Qxe8 15. Ng3 Be6 16. c4 c6 17. Rfe1 Qd7 18. Rad1 b5 19. Qb4 Na6 20. Qe7 Qxe7
21. Bxe7 Bxc4 22. Bxf6 gxf6 23. a3 Nc7 24. Ne4 Nd5 25. Kh1 Rd8 26. h3 f5 27.
Ng3 f4 28. Nf5 f3 29. gxf3 Nf4 30. Kh2 Kh7 31. Re7+ Kg6 32. Ne3 Be2 33. Rg1+
Kf6 34. Rgg7 Rxd4 35. Ng4+ Kf5 36. Re5#  1-0

[Event "XXVII Open Internacional Ayuntamiento de Erandio"]
[Site "Erandio"]
[Date "2018.12.19"]
[Round "5"]
[Board "10"]
[White "Galarza Docampo, Karmel"]
[Black "Cenizo Vicente, Jesus Rafael"]
[Result "1-0"]
[WhiteElo "1903"]
[BlackElo "1745"]
[PlyCount "56"]
[EventDate "2018.12.15"]
[EventRounds "8"]
[EventCountry "ESP"]

1. d4 g6 2. c4 Bg7 3. Nf3 d6 4. e4 Nd7 5. Nc3 e5 6. d5 a5 7. Bd3 Ngf6 8. O-O
Nc5 9. Bc2 O-O 10. Rb1 Nh5 11. a3 f5 12. exf5 Bxf5 13. Bxf5 Rxf5 14. g4 Rxf3
15. Qxf3 Qf6 16. Qxf6 Nxf6 17. b4 axb4 18. axb4 Nd3 19. g5 Nh5 20. Be3 Nhf4 21.
h4 c6 22. dxc6 bxc6 23. b5 cxb5 24. cxb5 Rc8 25. b6 Kf7 26. Nb5 Ke6 27. b7 Rb8
28. Nc7+ Kf5  1-0

[Event "XXVII Open Internacional Ayuntamiento de Erandio"]
[Site "Erandio"]
[Date "2018.12.20"]
[Round "6"]
[Board "1"]
[White "Seoane Rodriguez, Unai"]
[Black "Trigo Urquijo, Sergio"]
[Result "0-1"]
[WhiteElo "1808"]
[BlackElo "2373"]
[PlyCount "90"]
[EventDate "2018.12.15"]
[EventRounds "8"]
[EventCountry "ESP"]

1. e4 d6 2. d4 Nf6 3. Nc3 e5 4. Nf3 Nbd7 5. Bc4 Be7 6. O-O c6 7. a4 h6 8. Qe2
Qc7 9. Rd1 Nf8 10. dxe5 dxe5 11. Nh4 g6 12. h3 Ne6 13. Nf3 Nh5 14. g3 Nd4 15.
Nxd4 exd4 16. Rxd4 Bc5 17. Rd3 Bd7 18. Kg2 O-O-O 19. Be3 Bxe3 20. Qxe3 Kb8 21.
Rad1 Nf6 22. Qf4 Qxf4 23. gxf4 Kc7 24. Bxf7 Nh5 25. Ne2 Rhf8 26. Bxg6 Nxf4+ 27.
Nxf4 Rxf4 28. Rxd7+ Rxd7 29. Rxd7+ Kxd7 30. Kg3 Rf6 31. Bf5+ Ke7 32. f4 Rd6 33.
e5 Rd4 34. b3 b5 35. axb5 cxb5 36. Bd3 Rxd3+ 37. cxd3 a5 38. d4 a4 39. bxa4
bxa4 40. d5 a3 41. d6+ Kd7 42. Kg4 a2 43. Kh5 a1=Q 44. Kxh6 Qg1 45. f5 Qg3  0-1

[Event "XXVII Open Internacional Ayuntamiento de Erandio"]
[Site "Erandio"]
[Date "2018.12.20"]
[Round "6"]
[Board "2"]
[White "Arias Garcia, Luis Javier"]
[Black "Toledo Sanz, Imanol"]
[Result "0-1"]
[WhiteElo "2168"]
[BlackElo "2074"]
[PlyCount "50"]
[EventDate "2018.12.15"]
[EventRounds "8"]
[EventCountry "ESP"]

1. Nf3 d5 2. c4 e6 3. g3 Nf6 4. Bg2 Be7 5. b3 O-O 6. Bb2 c5 7. cxd5 exd5 8. d4
Nc6 9. dxc5 Bxc5 10. O-O a6 11. Nc3 Ba7 12. Rc1 Bg4 13. a3 Re8 14. h3 Bh5 15.
Na4 Ne4 16. g4 Bg6 17. e3 Qd6 18. Nc3 Rad8 19. Ne2 Nxf2 20. Rxf2 Bxe3 21. Nh4
Qe7 22. Nf5 Bxf5 23. gxf5 Qh4 24. Qf1 Ne5 25. Nf4 Qxf4  0-1

[Event "XXVII Open Internacional Ayuntamiento de Erandio"]
[Site "Erandio"]
[Date "2018.12.20"]
[Round "6"]
[Board "3"]
[White "Gutierrez Renedo, Manuel"]
[Black "Rodriguez Gonzalez, Alex"]
[Result "0-1"]
[WhiteElo "1732"]
[BlackElo "1984"]
[PlyCount "76"]
[EventDate "2018.12.15"]
[EventRounds "8"]
[EventCountry "ESP"]

1. b3 a5 2. Nf3 a4 3. a3 axb3 4. c4 e6 5. Bb2 Nf6 6. g3 b6 7. Bg2 Bb7 8. O-O d5
9. Qxb3 dxc4 10. Qxc4 Nbd7 11. d3 Bd6 12. Qh4 Be7 13. Qc4 Bd5 14. Qc2 Nc5 15.
Nbd2 h5 16. h3 g5 17. e4 Bc6 18. d4 Ba4 19. Qb1 g4 20. Nh4 gxh3 21. Bxh3 Rg8
22. Bg2 Ng4 23. Ndf3 Nb3 24. Ra2 Bxh4 25. gxh4 Qf6 26. e5 Nxe5 27. Nxe5 Nd2 28.
Qh7 O-O-O 29. Qxf7 Nf3+ 30. Nxf3 Qxf7 31. Kh1 Bc6 32. Ng5 Qf4 33. Bc1 Qxh4+ 34.
Kg1 Bxg2 35. Kxg2 Rxg5+ 36. Bxg5 Qxg5+ 37. Kf3 Qg4+ 38. Ke3 Qxd4+  0-1

[Event "XXVII Open Internacional Ayuntamiento de Erandio"]
[Site "Erandio"]
[Date "2018.12.20"]
[Round "6"]
[Board "4"]
[White "Villanueva Arguinberri, Bruno"]
[Black "Prieto Aranguren, Alain"]
[Result "1/2-1/2"]
[WhiteElo "2001"]
[BlackElo "2242"]
[PlyCount "130"]
[EventDate "2018.12.15"]
[EventRounds "8"]
[EventCountry "ESP"]

1. d4 Nf6 2. c4 g6 3. Nc3 Bg7 4. e4 d6 5. Nf3 O-O 6. Be2 e5 7. O-O Nc6 8. d5
Ne7 9. Ne1 Nd7 10. Be3 f5 11. f3 f4 12. Bf2 h5 13. Nd3 g5 14. a4 Nf6 15. c5 Ng6
16. cxd6 cxd6 17. a5 g4 18. Nb5 g3 19. hxg3 fxg3 20. Bxg3 h4 21. Bf2 Nh5 22.
Kh2 Bh6 23. Rh1 Ng3 24. Bxg3 hxg3+ 25. Kg1 Be3+ 26. Kf1 Kg7 27. Qc2 Rf7 28. Ke1
a6 29. Nc3 Rc7 30. Qb3 Qg5 31. Nd1 Bd4 32. Ra4 Bd7 33. Rxd4 exd4 34. Qb6 Rac8
35. Qxd4+ Kg8 36. f4 Qe7 37. e5 Bf5 38. exd6 Qxd6 39. Ne5 Qc5 40. Qxc5 Rxc5 41.
b4 Rxd5 42. Bc4 Rxc4 43. Nxc4 Nxf4 44. Nde3 Rd4 45. Nxf5 Rxc4 46. Nxg3 Rxb4 47.
Kf2 Rb5 48. Kf3 Ne6 49. Rh6 Nd4+ 50. Ke4 Nc6 51. Rh5 Rxh5 52. Nxh5 Nxa5 53. Kd5
Nb3 54. Kc4 Nd2+ 55. Kc5 Kf7 56. Kb6 Ke6 57. Nf4+ Kd6 58. Nd3 Nc4+ 59. Kxb7 a5
60. Ka6 a4 61. Kb5 a3 62. Nb4 Nb2 63. Na2 Kd5 64. Kb4 Kd4 65. Kxa3 Nc4+  1/2-1/2

[Event "XXVII Open Internacional Ayuntamiento de Erandio"]
[Site "Erandio"]
[Date "2018.12.20"]
[Round "6"]
[Board "5"]
[White "Garrido Legarreta, Jose Javier"]
[Black "Rubio Rodriguez, Luis"]
[Result "1-0"]
[WhiteElo "2045"]
[BlackElo "1782"]
[PlyCount "63"]
[EventDate "2018.12.15"]
[EventRounds "8"]
[EventCountry "ESP"]

1. d4 Nf6 2. c4 e5 3. dxe5 Ng4 4. Bf4 Nc6 5. Nc3 Bc5 6. e3 Qe7 7. Nf3 Ngxe5 8.
Nxe5 Nxe5 9. Be2 c6 10. O-O O-O 11. a3 Ng6 12. Bg3 a5 13. Na4 Ba7 14. Bd6 Qg5
15. Bxf8 Kxf8 16. Qd6+ Kg8 17. c5 Bb8 18. f4 Qh6 19. Qd4 d5 20. Nb6 Nh4 21.
Nxc8 Bc7 22. Nd6 Bxd6 23. cxd6 Nf5 24. Qc3 Nxd6 25. Bd3 Re8 26. Qxa5 f5 27. Qc5
Re6 28. b4 g5 29. fxg5 Qxg5 30. Rf3 Qh5 31. Rg3+ Kf7 32. Rf1  1-0

[Event "XXVII Open Internacional Ayuntamiento de Erandio"]
[Site "Erandio"]
[Date "2018.12.20"]
[Round "6"]
[Board "6"]
[White "Segura Del Frago, Imanol"]
[Black "Hernandez Garcia, Maximo"]
[Result "1-0"]
[WhiteElo "2023"]
[BlackElo "2003"]
[PlyCount "169"]
[EventDate "2018.12.15"]
[EventRounds "8"]
[EventCountry "ESP"]

1. e4 e5 2. Nf3 Nc6 3. Nc3 Nf6 4. Bb5 Bb4 5. O-O O-O 6. d3 Bxc3 7. bxc3 d5 8.
exd5 Qxd5 9. c4 Qd6 10. Bxc6 bxc6 11. Bb2 Re8 12. Re1 Bg4 13. h3 Bh5 14. g4
Nxg4 15. hxg4 Bxg4 16. Re3 Qg6 17. Nh4 Qh5 18. f3 Bh3 19. Qe1 f6 20. Qg3 Bd7
21. Rae1 c5 22. R1e2 Rab8 23. Bc3 Rb1+ 24. Re1 Reb8 25. Ng2 R1b6 26. f4 f5 27.
Bxe5 Rg6 28. Qh3 Qxh3 29. Rxh3 Bc6 30. Rh2 Re8 31. Kf2 Bd7 32. Bxc7 Ra6 33. Ra1
Ree6 34. Ne3 g6 35. Nd5 Ra3 36. Rhh1 Ba4 37. Rhc1 Ra6 38. Be5 Bc6 39. Nc3 Kf7
40. Rab1 Ke6 41. Rg1 Ba4 42. Rb2 Be8 43. Rb7 Bd7 44. Bh8 Kd6 45. Re1 Kc6 46.
Rb8 Rb6 47. Rxb6+ axb6 48. Re7 h5 49. Ke3 Ra8 50. Bf6 Kd6 51. Bg5 Ra3 52. Kd2
Ra8 53. Rg7 Be8 54. Kc1 Ke6 55. Rb7 Bc6 56. Rxb6 Kd7 57. Kb1 Re8 58. Nd5 Re1+
59. Kb2 Rh1 60. Rb8 Ke6 61. Rh8 Rh2 62. Kb3 Rh1 63. Kb2 Rh2 64. Nc3 Bg2 65. a4
Bf1 66. Kb3 Bg2 67. a5 Rh1 68. Kb2 Kd6 69. a6 Kc7 70. a7 Kb6 71. a8=Q Bxa8 72.
Rxa8 h4 73. Rg8 h3 74. Rxg6+ Kc7 75. Rh6 Kd7 76. Nd5 h2 77. Ne3 Re1 78. Rxh2
Rxe3 79. Rh6 Re8 80. Rf6 Rb8+ 81. Kc3 Ra8 82. Rxf5 Kc6 83. Be7 Ra3+ 84. Kd2 Ra5
85. Rxc5+  1-0

[Event "XXVII Open Internacional Ayuntamiento de Erandio"]
[Site "Erandio"]
[Date "2018.12.20"]
[Round "6"]
[Board "7"]
[White "Sarralde Marco, Emilio"]
[Black "Sadusea, Johnny Fernando"]
[Result "0-1"]
[WhiteElo "1833"]
[BlackElo "2130"]
[PlyCount "126"]
[EventDate "2018.12.15"]
[EventRounds "8"]
[EventCountry "ESP"]

1. e4 c5 2. Nf3 d6 3. d4 cxd4 4. Nxd4 Nf6 5. Nc3 a6 6. Bc4 e6 7. Bb3 Bd7 8. Bg5
Nc6 9. Qd2 Qa5 10. f4 Be7 11. O-O-O O-O 12. Rhg1 Rfd8 13. g4 Nxd4 14. Qxd4 h6
15. Bxf6 Bxf6 16. Qd3 Bxc3 17. bxc3 Qc5 18. Qd2 Bc6 19. g5 Bxe4 20. gxh6 g6 21.
Rg5 Bf5 22. Rdg1 Kh7 23. h4 d5 24. h5 Rg8 25. hxg6+ Rxg6 26. Qe1 Rc8 27. Kb2 d4
28. R1g3 dxc3+ 29. Rxc3 Qxc3+ 30. Qxc3 Rxc3 31. Kxc3 Rxg5 32. fxg5 Kg6 33. Kd4
Kxg5 34. Ke5 Kxh6 35. Kf6 Bg6 36. Bc4 Kh7 37. c3 Bh5 38. Bd3+ Kg8 39. Be4 b6
40. Bd3 a5 41. a3 Kf8 42. Bb5 Bf3 43. Bd7 Bd5 44. Bb5 Bb7 45. Bd7 e5 46. Kxe5
Ke7 47. Bf5 f6+ 48. Kd4 Kd6 49. Bg4 Bc6 50. c4 Be8 51. Bf5 Bf7 52. Bg4 Bg6 53.
Bc8 f5 54. Bb7 Be8 55. Bc8 Bd7 56. Bb7 Bc6 57. Bc8 f4 58. Bh3 Bh1 59. Bc8 Bg2
60. Bf5 f3 61. Be4 Bh1 62. Bd3 f2 63. Ke3 Kc5  0-1

[Event "XXVII Open Internacional Ayuntamiento de Erandio"]
[Site "Erandio"]
[Date "2018.12.20"]
[Round "6"]
[Board "8"]
[White "Uria Ramirez, Aitor"]
[Black "Svyatoslav, Vorobyev"]
[Result "1-0"]
[WhiteElo "1951"]
[BlackElo "1768"]
[PlyCount "67"]
[EventDate "2018.12.15"]
[EventRounds "8"]
[EventCountry "ESP"]

1. e4 e6 2. Nf3 d5 3. e5 Bd7 4. d4 c5 5. c3 Nc6 6. Bd3 cxd4 7. cxd4 Qb6 8. O-O
Nxd4 9. Nxd4 Qxd4 10. Nc3 a6 11. Re1 Ne7 12. Be3 Qxe5 13. Bc5 Qc7 14. b4 Bc6
15. b5 Bxb5 16. Nxb5 axb5 17. Bxb5+ Kd8 18. Rc1 Nc6 19. Bd4 Bd6 20. Qh5 Bxh2+
21. Kh1 Bf4 22. Rc5 Qa5 23. Rd1 Nxd4 24. Qxf7 Nxb5 25. Qxe6 Qb4 26. Rdxd5+ Bd6
27. Rxd6+ Nxd6 28. Qxd6+ Ke8 29. Re5+ Kf7 30. Re7+ Kf8 31. Qxb4 Ra4 32. Qxb7
Rh4+ 33. Kg1 Rf4 34. Rxg7  1-0

[Event "XXVII Open Internacional Ayuntamiento de Erandio"]
[Site "Erandio"]
[Date "2018.12.20"]
[Round "6"]
[Board "9"]
[White "Fernandez-Rivera Ortiz, Igor"]
[Black "Galarza Docampo, Karmel"]
[Result "0-1"]
[WhiteElo "1832"]
[BlackElo "1903"]
[PlyCount "134"]
[EventDate "2018.12.15"]
[EventRounds "8"]
[EventCountry "ESP"]

1. e4 c5 2. d4 cxd4 3. c3 Nf6 4. e5 Nd5 5. Nf3 e6 6. Bc4 Nb6 7. Bb3 d6 8. cxd4
Nc6 9. Qe2 dxe5 10. dxe5 Bb4+ 11. Nbd2 O-O 12. O-O Qc7 13. Ne4 Nd5 14. a3 Be7
15. Bg5 Nxe5 16. Nxe5 Qxe5 17. Bxe7 Nxe7 18. f4 Qa5 19. Kh1 b6 20. Rf3 Bb7 21.
Rh3 Bxe4 22. Qxe4 Qf5 23. Qf3 g6 24. Qf2 Qf6 25. Rd3 Rad8 26. Rad1 Rxd3 27.
Rxd3 Nc6 28. h3 Rd8 29. Rxd8+ Qxd8 30. Qe1 Qd6 31. Qe3 Ne7 32. g3 Nf5 33. Qc3
Qd4 34. Qxd4 Nxd4 35. Bd1 f6 36. Kg2 Kf7 37. Kf2 Ke7 38. Ke3 Nf5+ 39. Kf3 Kd6
40. g4 Nd4+ 41. Ke4 Nc6 42. g5 f5+ 43. Ke3 Na5 44. Kd4 Nc6+ 45. Ke3 Ne7 46. Bb3
Nd5+ 47. Kf3 Kc5 48. Ba4 b5 49. Bd1 Kd4 50. Be2 Nc7 51. h4 a5 52. h5 b4 53. h6
b3 54. Bd1 a4 55. Be2 Kc5 56. Bd3 Nd5 57. Ba6 Nb6 58. Ke2 Nc4 59. Bc8 Kd6 60.
Ba6 Nxb2 61. Bb5 Kc5 62. Bd7 Nc4 63. Kd3 Nxa3 64. Kc3 Nb5+ 65. Kb2 Kb4 66. Bxe6
a3+ 67. Ka1 b2+  0-1

[Event "XXVII Open Internacional Ayuntamiento de Erandio"]
[Site "Erandio"]
[Date "2018.12.20"]
[Round "6"]
[Board "10"]
[White "Caballero Acosta, Erlantz"]
[Black "Peteiro Osta, Luis Angel"]
[Result "1-0"]
[WhiteElo "1532"]
[BlackElo "1902"]
[PlyCount "95"]
[EventDate "2018.12.15"]
[EventRounds "8"]
[EventCountry "ESP"]

1. e4 e5 2. Nf3 Nc6 3. Bb5 d6 4. h3 Nf6 5. Nc3 Bd7 6. O-O Be7 7. Re1 O-O 8. d4
exd4 9. Nxd4 a6 10. Nxc6 Bxc6 11. Bxc6 bxc6 12. Bg5 h6 13. Bh4 Rb8 14. Rb1 Re8
15. e5 dxe5 16. Rxe5 Qxd1+ 17. Nxd1 g5 18. Bg3 Nh5 19. Bh2 Bd6 20. Rxe8+ Rxe8
21. Ne3 Nf4 22. Kf1 Nd5 23. Nxd5 cxd5 24. Bxd6 cxd6 25. Rd1 Rb8 26. b3 Rb5 27.
a4 Rc5 28. b4 Rxc2 29. Rxd5 Rc6 30. Ke2 f6 31. Kd3 Kf7 32. b5 axb5 33. axb5 Rb6
34. Kc4 Ke7 35. Rd2 Kd7 36. Kb4 Kc7 37. Ka5 Rb8 38. Rc2+ Kb7 39. b6 Ra8+ 40.
Kb5 Ra1 41. Rc7+ Kb8 42. Rf7 Rb1+ 43. Kc6 Rc1+ 44. Kxd6 Rb1 45. Rxf6 Rxb6+ 46.
Ke7 Rb7+ 47. Ke6 h5 48. Rf8+  1-0

[Event "XXVII Open Internacional Ayuntamiento de Erandio"]
[Site "Erandio"]
[Date "2018.12.21"]
[Round "7"]
[Board "1"]
[White "Trigo Urquijo, Sergio"]
[Black "Toledo Sanz, Imanol"]
[Result "1-0"]
[WhiteElo "2373"]
[BlackElo "2074"]
[PlyCount "95"]
[EventDate "2018.12.15"]
[EventRounds "8"]
[EventCountry "ESP"]

1. e4 e5 2. Nf3 Nc6 3. Bb5 a6 4. Bxc6 dxc6 5. O-O f6 6. d4 exd4 7. Nxd4 c5 8.
Ne2 Qxd1 9. Rxd1 Bd7 10. Nbc3 O-O-O 11. Bf4 Ne7 12. Rd2 Ng6 13. Bg3 Ne5 14. b3
b6 15. Nd5 Kb7 16. Rad1 Bc6 17. f3 Bd6 18. Nef4 Rhg8 19. Nd3 Rge8 20. Nxe5 Bxe5
21. Bxe5 Rxe5 22. Ne3 Rxd2 23. Rxd2 Re8 24. Kf2 Kc8 25. h4 Re5 26. Rd1 h5 27.
Nf5 g6 28. Ne3 Re7 29. Rg1 Rd7 30. Ke2 g5 31. hxg5 fxg5 32. Rh1 h4 33. g3 hxg3
34. Rh3 Kb7 35. Rxg3 Rg7 36. Nf5 Rg6 37. Ne7 Rg7 38. Nxc6 Kxc6 39. f4 Re7 40.
fxg5 Kd6 41. Ke3 Ke5 42. g6 Rg7 43. Rg5+ Kf6 44. Kf4 c6 45. e5+ Ke6 46. Ke4 a5
47. Rg1 Ke7 48. Kf5  1-0